| 000 | 01008nam a22002411 4500 | ||
|---|---|---|---|
| 001 | 140987 | ||
| 003 | ES-MaACL | ||
| 005 | 20230906200209.0 | ||
| 007 | t| | ||
| 008 | 070918s1966 sp ||||0| spa d | ||
| 016 | 7 | _zIND2000945651 | |
| 040 |
_aM-BN _bspa _cCDM |
||
| 080 | _a616.4-053.2(02) | ||
| 100 | 1 |
_aWilkins, Lawson. _9116858 |
|
| 245 | 1 | 0 |
_aDiagnostico y tratamiento de las enfermedades endocrinas en la infancia y adolescencia / _cpor Lawson Wilkins... ; con la colaboración de Robert M. Blizzard... y Claude J. Migeon... ; [traducida por el Dr. Juan Ramón Masoliver Masoliver... [et al.] ; traducción revisada por el Dr. José Mª Tresanchez Trías. |
| 260 |
_aBarcelona : _bEspax, _c[1966] |
||
| 300 |
_aXLII p., 1 h., 643 p. : _bil. n. y col ; _c29 cm. |
||
| 650 | 4 |
_aEndocrinología pediátrica. _912248 |
|
| 700 | 1 |
_aMigeon, Claude J. _980983 |
|
| 700 | 1 |
_aMasoliver Masoliver, Juan Ramón. _978750 |
|
| 700 | 1 |
_aBlizzar, Robert M. _929499 |
|
| 852 |
_aES-MaACL _jC-29535 _bR.60027 |
||
| 999 |
_c140987 _d140987 |
||